| 000 -LEADER |
| fixed length control field |
01038nam a2200205 4500 |
| 003 - CONTROL NUMBER IDENTIFIER |
| control field |
Ge_BSU |
| 005 - DATE AND TIME OF LATEST TRANSACTION |
| control field |
20211117142328.0 |
| 008 - FIXED-LENGTH DATA ELEMENTS--GENERAL INFORMATION |
| fixed length control field |
190719s2019 ||||| |||| 00| 0 geo d |
| 041 ## - LANGUAGE CODE |
| Language code of text/sound track or separate title |
geo |
| 245 ## - TITLE STATEMENT |
| Title |
სამართალი და მსოფლიო = Law and the World : |
| Remainder of title |
2019 № 11 / |
| Statement of responsibility, etc. |
მთ. რედ : იოსებ კელენჯერიძე ; რედ : ზურაბ ჭყონია. |
| 250 ## - EDITION STATEMENT |
| Remainder of edition statement |
საერთაშორისო სამეცნიერო რეფერირებადი ჟურნალი |
| 260 ## - PUBLICATION, DISTRIBUTION, ETC. |
| Place of publication, distribution, etc. |
თბილისი, |
| Date of publication, distribution, etc. |
2019. |
| 300 ## - PHYSICAL DESCRIPTION |
| Extent |
V. |
| 653 ## - INDEX TERM--UNCONTROLLED |
| Uncontrolled term |
სამართალი და მსოფლიო |
| 653 ## - INDEX TERM--UNCONTROLLED |
| Uncontrolled term |
სამართალი |
| 653 ## - INDEX TERM--UNCONTROLLED |
| Uncontrolled term |
პერიოდიკა |
| 700 ## - ADDED ENTRY--PERSONAL NAME |
| Personal name |
კელენჯერიძე , იოსებ |
| Relator term |
მთავარი რედაქტორი |
| 9 (RLIN) |
3268 |
| 700 ## - ADDED ENTRY--PERSONAL NAME |
| Personal name |
ჭყონია, ზურაბ |
| Relator term |
რედაქტორი |
| 9 (RLIN) |
3269 |
| 942 ## - ADDED ENTRY ELEMENTS (KOHA) |
| Source of classification or shelving scheme |
|
| Koha item type |
პერიოდიკა |